International development NGOs and bureaucratic capacity: facilitator or destroyer? (Record no. 510396)

000 -LEADER
fixed length control field 01625nam a22001937a 4500
008 - FIXED-LENGTH DATA ELEMENTS--GENERAL INFORMATION
fixed length control field 190816b ||||| |||| 00| 0 eng d
100 ## - MAIN ENTRY--PERSONAL NAME
Personal name Campbell, Susanna
245 ## - TITLE STATEMENT
Title International development NGOs and bureaucratic capacity: facilitator or destroyer?
260 ## - PUBLICATION, DISTRIBUTION, ETC. (IMPRINT)
Date of publication, distribution, etc 2019
300 ## - PHYSICAL DESCRIPTION
Extent p.3-18.
520 ## - SUMMARY, ETC.
Summary, etc Do development international nongovernmental organizations (INGOs) facilitate or destroy the bureaucratic capacity of the states in which they operate? The literature is split on this question. Some scholars argue that development INGOs weaken state capacity by delivering social services that the government is supposed to provide. Others argue that by increasing a country’s domestic demand for improved human rights, development INGOs improve a government’s capacity to fulfill them. In this paper, we show that the effect of development INGOs on state capacity depends on whether a state is democratic or nondemocratic. In our cross-sectional time-series analysis, we find that development INGO presence has a significant positive relationship with state capacity in democracies but no relationship with state capacity in nondemocratic states. These findings help explain the inconsistent claims in the existing INGO literature and are also relevant for development INGOs and the policymakers that support them. - Reproduced.
650 ## - SUBJECT ADDED ENTRY--TOPICAL TERM
Topical term or geographic name as entry element International voluntary services
9 (RLIN) 8327
650 ## - SUBJECT ADDED ENTRY--TOPICAL TERM
Topical term or geographic name as entry element Civil society
9 (RLIN) 8328
650 ## - SUBJECT ADDED ENTRY--TOPICAL TERM
Topical term or geographic name as entry element Bureaucracy
9 (RLIN) 8329
700 ## - ADDED ENTRY--PERSONAL NAME
Personal name DiGiuseppe, Matthew
9 (RLIN) 8330
773 ## - HOST ITEM ENTRY
Main entry heading Political Research Quarterly
906 ## - LOCAL DATA ELEMENT F, LDF (RLIN)
Subject DIP Non governmental organizations
942 ## - ADDED ENTRY ELEMENTS (KOHA)
Item type Articles
Holdings
Withdrawn status Lost status Source of classification or shelving scheme Damaged status Not for loan Permanent location Current location Date acquired Serial Enumeration / chronology Barcode Date last seen Koha item type
          Indian Institute of Public Administration Indian Institute of Public Administration 2019-08-16 72(1), Mar, 2019: p.3-18. AR120286 2019-08-16 Articles

Powered by Koha